| 000 -LEADER |
| fixed length control field |
02530cam a2200205 i 4500 |
| 020 ## - INTERNATIONAL STANDARD BOOK NUMBER |
| ISBN |
9781119757207 paperback |
| 082 00 - DEWEY DECIMAL CLASSIFICATION NUMBER |
| Classification number |
612.0076 |
| Item number |
P3637 2022 |
| 100 1# - MAIN ENTRY--AUTHOR NAME |
| Personal name |
Peate, Ian, author. |
| 245 10 - TITLE STATEMENT |
| Title |
Anatomy and physiology for nursing and healthcare students at a glance / Ian Peate. |
| 250 ## - EDITION STATEMENT |
| Edition statement |
Second edition. |
| 260 ## - PUBLICATION, DISTRIBUTION, ETC. (IMPRINT) |
| Place of publication |
Hoboken, NJ ; |
| -- |
Chichester, West Sussex : |
| Name of publisher |
Wiley-Blackwell, |
| Year of publication |
©2022. |
| 300 ## - PHYSICAL DESCRIPTION |
| Number of Pages |
xiii, 156 pages : |
| Other physical details |
illustrations (color) ; 28 cm |
| 490 1# - SERIES STATEMENT |
| Series statement |
At a glance series |
| 500 ## - GENERAL NOTE |
| General note |
Preceded by: Anatomy and physiology for nurses at a glance / Ian Peate, Muralitharan Nair. 2015. |
| 505 0# - FORMATTED CONTENTS NOTE |
| Formatted contents note |
Foundations -- The nervous system -- The heart and vascular system -- The respiratory system -- The gastrointestinal tract -- The urinary system -- The male reproductive system -- The female reproductive system -- The endocrine system -- The skin -- The musculoskeletal system -- The skin -- The senses. |
| 520 ## - SUMMARY, ETC. |
| Summary, etc |
"Anatomy & Physiology for Nursing & Healthcare Students at a Glance provides a wonderful introduction to the topic and is geared specifically towards nursing students. This is also a useful reference guide for any healthcare professional looking for a quick refresher on the human body. With concise writing that provides an overview of anatomy and physiology for students, this text is aimed at helping students develop practical skills and deliver increasingly complex care for patients through the study of how the body functions. Readers will also find: User-friendly approaches that includes bite-size pieces of information and full-colour diagrams to help students retain, recall, and apply facts to their practice Clear, easy-to-follow diagrams supported by succinct explanatory text Clinical practice points that aim to encourage readers to relate to the theoretical concepts in practice New to the second edition: a new chapter on anatomical terms emphasising the importance of the correct anatomical terminology in communication between healthcare professionals Includes access to a companion website with self-assessment questions for each chapter This quick and easy-to-digest introduction to anatomy and physiology is the perfect textbook for nursing students in all fields of practice, allied healthcare students including paramedics and physiotherapists, and newly qualified nurses and nursing associates. It is also an ideal reference book for anyone looking for an overview of the human body"-- |
| 650 #0 - SUBJECT ADDED ENTRY--TOPICAL TERM |
| Topical Term |
Anatomy. |
| 650 22 - SUBJECT ADDED ENTRY--TOPICAL TERM |
| Topical Term |
Physiological Phenomena. |
| 942 ## - ADDED ENTRY ELEMENTS (KOHA) |
| Koha item type |
Books |